Resumen de Derecho administrativo y de Ciencia de la administración / (Registro nro. 63064)
[ vista simple ]
| 000 -LEADER | |
|---|---|
| campo de control de longitud fija | 00586nam a2200181 i 4500 |
| 001 - NÚMERO DE CONTROL | |
| campo de control | 63064 |
| 003 - IDENTIFICADOR DE NÚMERO DE CONTROL | |
| campo de control | ES-MaACL |
| 005 - FECHA Y HORA DE LA ÚLTIMA TRANSACCIÓN | |
| campo de control | 20250911063534.0 |
| 007 - CAMPO FIJO DE DESCRIPCIÓN FÍSICA--INFORMACIÓN GENERAL | |
| campo de control de longitud fija | t| |
| 008 - DATOS DE LONGITUD FIJA--INFORMACIÓN GENERAL | |
| campo de control de longitud fija | 031128m19301931sp ||||1| spa d |
| 100 1# - ENTRADA PRINCIPAL--NOMBRE DE PERSONA | |
| Nombre de persona | Fernández de Velasco, Recaredo, |
| Fechas asociadas al nombre | n. 1889- |
| 9 (RLIN) | 49721 |
| 245 10 - MENCIÓN DEL TÍTULO | |
| Título | Resumen de Derecho administrativo y de Ciencia de la administración / |
| Mención de responsabilidad, etc. | Recaredo Fernández de Velasco. |
| 250 ## - MENCION DE EDICION | |
| Mención de edición | 2a ed. |
| 260 ## - PUBLICACIÓN, DISTRIBUCIÓN, ETC. | |
| Lugar de publicación, distribución, etc. | Barcelona : |
| Nombre del editor, distribuidor, etc. | Bosch, |
| Fecha de publicación, distribución, etc. | 1930-1931 ( |
| Fabricante | Núñez y C.) |
| 300 ## - DESCRIPCIÓN FÍSICA | |
| Extensión | 2 v. ; |
| Dimensiones | 24 cm. |
| 852 ## - LOCALIZACIÓN | |
| Ubicación | ES-MaACL |
| Número de control de estantería | F-15277-78 |
| Sublocalización o colección | R.18980 |
| Estatus retirado | Estado de pérdida | Estado de daño | No para préstamo | Biblioteca de origen | Biblioteca actual | Ubicación en estantería | Fecha de adquisición | Fuente de adquisición | Total de préstamos | Signatura topográfica completa | Código de barras | Visto por última vez | Precio de reemplazo | Tipo de ítem Koha |
|---|---|---|---|---|---|---|---|---|---|---|---|---|---|---|
| Biblioteca del Ateneo de Madrid | Biblioteca del Ateneo de Madrid | Sala Pecera Planta 2 | 17/01/2008 | F-15277-78 | 1066112 | 23/02/2023 | 23/02/2023 | Libro impreso |
